Medios de comunicación e industria cultural en Argentina: extranjerización, desregulación y patrimonio cultural en el espectro de las comunicaciones en el país /
Պահպանված է:
| Հիմնական հեղինակ: | |
|---|---|
| Ձևաչափ: | Տեքստ |
| Խորագրեր: | |
| Ցուցիչներ: |
Ավելացրեք ցուցիչ
Չկան պիտակներ, Եղեք առաջինը, ով նշում է այս գրառումը!
|
MARC
| LEADER | 00000 a a2200000 04500 | ||
|---|---|---|---|
| 001 | 9014 | ||
| 003 | |||
| 040 | |||
| 100 | |a Tessio Conca, Silvia | ||
| 245 | |a Medios de comunicación e industria cultural en Argentina: |b extranjerización, desregulación y patrimonio cultural en el espectro de las comunicaciones en el país / |c Silvia Tessio Conca | ||
| 500 | |a Resumen también en francés | ||
| 650 | |a NEOLIBERALISMO | ||
| 650 | |a RECESION ECONOMICA | ||
| 650 | |a MEDIOS DE COMUNICACION DE MASAS | ||
| 650 | |a SISTEMAS MULTIMEDIA | ||
| 650 | |a ARGENTINA | ||
| 773 | |g número 199; páginas 47-54 | ||
| 999 | |c 28557 |d 28557 | ||
